|
|
|
|
| LEADER |
00759nam a22001931a 4500 |
| 001 |
c000123352 |
| 003 |
CARM |
| 005 |
00000000000000.0 |
| 008 |
900115s1939 nyu 00000 eng d |
| 019 |
1 |
|
|a 25295285
|z 42753100
|z 25043059
|z 8534662
|5 LACONCORD2021
|
| 035 |
|
|
|a (OCoLC)40865757
|5 LACONCORD2021
|
| 100 |
1 |
|
|a Lewisohn, Ludwig,
|d 1882-1955.
|
| 245 |
1 |
4 |
|a The story of American literature.
|
| 260 |
|
|
|a New York :
|b Modern Library,
|c [1939]
|
| 300 |
|
|
|a xxiii, 652 p.
|
| 650 |
|
0 |
|a American literature
|x History and criticism.
|
| 852 |
8 |
|
|b CARM
|h A2:AE04A0
|i B00812
|p 0041286
|f BK
|
| 999 |
f |
f |
|i 1afec2fc-dd77-52f4-ae60-630c10b50a6c
|s 3e471e5e-0304-568d-a5e1-c301e0e56a0b
|
| 952 |
f |
f |
|p Can circulate
|a CAVAL
|b CAVAL
|c CAVAL
|d CARM 1 Store
|e B00812
|f A2:AE04A0
|h Other scheme
|i book
|m 0041286
|